000 00350nam a2200133Ia 4500
008 230724s2017 xx und d
020 _a9789381444122
041 _aeng
082 _a711.5
100 _aMEHROTRA RAHUL, JOSHI PANKAJ
245 _aMUMBAI READER 17, URBAN DESIGN RESEARCH INSTITUTE
260 _bUSMALA MASIK
_c2017
300 _a475
999 _c1178285
_d1178285